000
00330nam a2200121 a 4500
005
20140513081057.0
008
070912s19uu xx 00 eng d
050
_a
VCD
_b
Ki46 1981
245
_a
The kids praise album!.
260
_a
Philippines :
_b
Maranatha Music,
_c
1980.
650
_a
Songs of praise-collection.
999
_c
116563
_d
116563